000 01244nam a22002537a 4500
005 20170124103213.0
010 _aB-239031
020 _c00.00
_a0070635757
035 _aB-239031
037 _bCen Lib/Ret
040 _aDPL
_bHN
082 _a954
_bरेड्डीकृ
100 _aरेड्डी, कृष्ण
_996866
245 _aभारत का इतिहास :
_cकृष्ण रेड्डी
_bसिविल सेवा प्रारम्भिक परीक्षा के लिए /
246 _aBharat ka itihas : civil seva prarambhik pariksha ke liye /
_bby Krishna Reddy
260 _aनई दिल्ली
_bटाटा मैक ग्रो-हिल पब्लिशिंग कम्पनी
_c2007
270 _bनई दिल्ली
_a7, वेस्ट पटेल नगर
_e110008
300 _aभिन्न पृष्ट
_c24सेमी(अजिल्द)
650 _aइतिहास -- भारत
_x
_z
_996867
650 _aसिविल सेवा -- इतिहास
_95629
650 _aHistory - India
_996868
650 _aCivil service - History
_996869
942 _2ddc
_cHN
_h954
_mरेड्डीकृ
999 _c121380
_d121380